Estetica e historia critica de la literatura desde su origen / (Record no. 154404)

MARC details
000 -LEADER
campo de control de longitud fija 00888nam a22002175i 4500
001 - NÚMERO DE CONTROL
campo de control 154404
003 - IDENTIFICADOR DE NÚMERO DE CONTROL
campo de control ES-MaACL
005 - FECHA Y HORA DE LA ÚLTIMA TRANSACCIÓN
campo de control 20250907063116.0
008 - DATOS DE LONGITUD FIJA--INFORMACIÓN GENERAL
campo de control de longitud fija 961110s1852 sp |||| | spa d
040 ## - FUENTE DE CATALOGACIÓN
Centro catalogador/agencia de origen CLM
Lengua de catalogación spa
Centro/agencia transcriptor CCPB | SIC
100 2# - ENTRADA PRINCIPAL--NOMBRE DE PERSONA
Nombre de persona Gomez Arias, Federico,
Fechas asociadas al nombre 1828-1900
9 (RLIN) 127368
245 10 - MENCIÓN DEL TÍTULO
Título Estetica e historia critica de la literatura desde su origen /
Mención de responsabilidad, etc. por Federico Gomez Arias.
260 ## - PUBLICACIÓN, DISTRIBUCIÓN, ETC.
Lugar de publicación, distribución, etc. Madrid :
Nombre del editor, distribuidor, etc. [s.n.],
Fecha de publicación, distribución, etc. 1852 (
Fabricante Imprenta de la viuda de D.J. Vazquez Martinez e Hijos)
300 ## - DESCRIPCIÓN FÍSICA
Extensión 398, XI p. ;
Dimensiones 24 cm.
505 8# - NOTA DE CONTENIDO CON FORMATO
Nota de contenido con formato Incluye: Noticia biográfica y bibliográfica del doctor D.Federico Gómez Arias / por su reconocida y amiga Da. C.A
597 #1 - NOTA DE DESCRIPCIÓN FÍSICA
NOTA DE DESCRIPCIÓN FÍSICA Port. con viñeta xil.
650 #7 - PUNTO DE ACCESO ADICIONAL DE MATERIA--TÉRMINO DE MATERIA
Término de materia o nombre geográfico como elemento de entrada Estética literaria
Fuente del encabezamiento o término embne
9 (RLIN) 12544
650 ## - PUNTO DE ACCESO ADICIONAL DE MATERIA--TÉRMINO DE MATERIA
Término de materia o nombre geográfico como elemento de entrada Literatura-
Subdivisión general Historia y crítica.
9 (RLIN) 14489
852 ## - LOCALIZACIÓN
Ubicación ES-MaACL
Número de control de estantería C-3191
Nota libre -- Enc. hol.
Holdings
Estatus retirado Estado de pérdida Estado de daño No para préstamo Colección Biblioteca de origen Biblioteca actual Ubicación en estantería Fecha de adquisición Fuente de adquisición Total de préstamos Signatura topográfica completa Código de barras Visto por última vez Precio de reemplazo Tipo de ítem Koha
        Libros del s. XIX Biblioteca del Ateneo de Madrid Biblioteca del Ateneo de Madrid Sala Palomar 17/01/2008     C-3191 1161466 23/02/2023 23/02/2023 Libro impreso antiguo